| 000 | 00535nam a2200193 a 4500 | ||
|---|---|---|---|
| 005 | 20220610162849.0 | ||
| 008 | 020628s1996 mx r 000 0 spa d | ||
| 020 | _a9706209700 | ||
| 035 | _aUPN01000117942 | ||
| 049 | _aCG | ||
| 050 | 4 |
_aPQ8219 R5 _bL4 |
|
| 100 | 1 | _aRivas Iturralde, Vladimiro | |
| 245 | 1 | 3 |
_aEl legado del tigre / _cVladimiro Rivas Iturralde. |
| 260 |
_aMéxico : _bUAM-Azcapotzalco, _c1996. |
||
| 300 | _a141 p. | ||
| 440 | 0 |
_aLibros del laberinto ; _v52 |
|
| 650 | 0 |
_aNovela ecuatoriana _917789 |
|
| 905 | _aLibro | ||
| 999 |
_c90347 _d90347 |
||